000 00537nam a22001697a 4500
005 20231108104228.0
008 231108b |||||||| |||| 00| 0 eng d
020 _a0620182369
041 _aEnglish
082 _a346.3 KOC
100 _aKoch, RJ
_lEnglish
245 _aThe Reduced Utility of a Life Plan :
_bas basis for the assessment damages for personal injury and death /
_cRJ Koch
260 _c1993
300 _bxlix, 382 pages ;
_c26 cm.
650 _aLegal practice
_bLaw
942 _cBK
_6ALISON_BN_VRIES
999 _c420
_d420